000 00494nam a2200133 a 4500
008 120416s1983 ||||||||||||||||| || u
050 _aT 57.77 Mje
100 _aMjelde, K. M
245 1 0 _aMethods of the allocation of limited resources
260 _aChichester
_bJohn Wiley and Sons
_c[1983]
300 _aviii, 88p.
350 _a0.00
995 _D0.00
_FCBU-MAIN LIBRARY (Kitwe)
_H1
_I0.00
_M1
_UAVAILABLE
_ZMain Library Open Access Collection
999 _c51063
_d51063